Improving the Reading Program / (Record no. 185325)
[ view plain ]
| 000 -LEADER | |
|---|---|
| fixed length control field | 01198 a2200229 4500 |
| 003 - CONTROL NUMBER IDENTIFIER | |
| control field | Nust |
| 005 - DATE AND TIME OF LATEST TRANSACTION | |
| control field | 20230314112825.0 |
| 010 ## - LIBRARY OF CONGRESS CONTROL NUMBER | |
| LC control number | 75046122 |
| 020 ## - INTERNATIONAL STANDARD BOOK NUMBER | |
| International Standard Book Number | 0697061787 |
| 040 ## - CATALOGING SOURCE | |
| Transcribing agency | Nust |
| 082 00 - DEWEY DECIMAL CLASSIFICATION NUMBER | |
| Classification number | 418.4,SCH |
| 100 1# - MAIN ENTRY--PERSONAL NAME | |
| Personal name | Schubert, Delwyn G. |
| 9 (RLIN) | 110246 |
| 245 10 - TITLE STATEMENT | |
| Title | Improving the Reading Program / |
| Statement of responsibility, etc. | Delwyn Schubert, Theodore Torgerson. |
| 250 ## - EDITION STATEMENT | |
| Edition statement | 4th ed. |
| 260 ## - PUBLICATION, DISTRIBUTION, ETC. | |
| Place of publication, distribution, etc. | Dubuque : |
| Name of publisher, distributor, etc. | W. C. Brown Co., |
| Date of publication, distribution, etc. | c1976. |
| 300 ## - PHYSICAL DESCRIPTION | |
| Extent | ix, 422 p. : |
| Other physical details | ill. ; |
| Dimensions | 23 cm. |
| 505 ## - FORMATTED CONTENTS NOTE | |
| Formatted contents note | Reading and The Learning Process (Page-1), Class Room Conditions and Practices That Tend to Inhibit Learning (Page-8), Noneducational Hazards to Learning (Page-36), The Development Program in Reading (Page-69), Interest and Motivation (Page-113), Adapting Instruction to Meet Individual Needs (Page-122), Diagnosis in the Instructional Program (Page-142), The Diagnostic Process (Page-186), Correcting Faulty Reading Habits (Page-213), Improving Comprehension ad the Study Skills (Page-274), Reading Improvement Program in Action (Page-354). |
| 650 #0 - SUBJECT ADDED ENTRY--TOPICAL TERM | |
| Topical term or geographic name entry element | Individualized reading instruction. |
| 9 (RLIN) | 110247 |
| 650 #0 - SUBJECT ADDED ENTRY--TOPICAL TERM | |
| Topical term or geographic name entry element | Reading (Elementary) |
| 9 (RLIN) | 110229 |
| 700 1# - ADDED ENTRY--PERSONAL NAME | |
| Personal name | Torgerson, Theodore L., |
| Dates associated with a name | 1887- |
| 9 (RLIN) | 110248 |
| 942 ## - ADDED ENTRY ELEMENTS (KOHA) | |
| Source of classification or shelving scheme | |
| Koha item type | Book |
| Withdrawn status | Lost status | Source of classification or shelving scheme | Damaged status | Not for loan | Permanent Location | Current Location | Shelving location | Date acquired | Full call number | Barcode | Date last seen | Price effective from | Koha item type | Public note |
|---|---|---|---|---|---|---|---|---|---|---|---|---|---|---|
| Military College of Signals (MCS) | Military College of Signals (MCS) | General Stacks | 12/12/2016 | 418.4,SCH | MCS20583 | 12/08/2016 | 12/12/2016 | Book | Almirah No.74, Shelf No.4 |
